01465nam a22002657a 45000010005000000030006000050050017000110080041000280200018000690400029000870500012001160820008001281000016001362450059001522500045002112600037002563000057002934900039003505050008003895200692003975210020010895210020011096500039011297000031011685482FISKH20241210140857.0241210b cb ||||| |||| 00| 0 eng d a9780439625210 aFISKHbengcFISKHdFISKH aD21.Z44 a909 aZeman, Anne aWorld history homework /cby Anne Zeman and Kate Kelly aFirst printing this Edtion, January 2005 aNew York : bScholastic ;c1995. a135 pages : bcolor illustrations , maps ;c28 cm .  aEverything you need to know about  aZ  aHighlighting updated maps, timelines, charts, graphs, a detailed index, and additional visual aids, an accessible reference brings world history up to date. Researched according to middle-grade curriculum and current textbooks, and created in conjunction with subject experts, these titles answer kids' most frequently asked homework questions. In world history, students will find everything from Ancient Egypt to Buddha, from Operation Enduring Freedom to the Olympic Games. These newly revised and updated editions in this popular series answer kids' most frequently asked homework questions, and help students in grades 4-6 complete assignments, write reports, and prepare for tests.8 a970 bLexile 8 aZ bRaz-Plus  aworld historyvJuvenile literature aKelly, Kate eillustrator